Geometria rezného klina - aplikácia na PC = Geometry of cutting wedge - aplication on PC : Bakalárska práca

Saved in:
Bibliographic Details
Main Author: Geryk, Adrian (Author)
Other Authors: Charbula, Jozef, 1952- (xxx)
Format: Manuscript Book
Language:Slovak
Published: Trnava : STU v Bratislave MTF UVTE KOM, 2007
Subjects:
Tags: Add Tag
No Tags, Be the first to tag this record!

MARC

LEADER 00000ntm a22000003a 4500
001 stu146081
005 20160719155700.6
008 071002s2007----xo------------------slo-d
040 |a STU  |b slo 
041 0 |a slo 
044 |a xo 
100 1 |a Geryk, Adrian  |4 aut 
245 1 |a Geometria rezného klina - aplikácia na PC = Geometry of cutting wedge - aplication on PC :  |b Bakalárska práca 
260 |a Trnava :  |b STU v Bratislave MTF UVTE KOM,  |c 2007 
300 |a 49 s  |c 1 CD-ROM 
500 |a Odbor: Technológie strojárskej výroby 
650 7 |a rezné kliny  |2 stusub 
700 1 |a Charbula, Jozef,  |d 1952-  |4 xxx  |u M3000  |U MTF Materiálovotechnologická fakulta  |T MTF Ústav výrobných technológií  |X 213  |U M3000  |Y 83  |7 A000000213 
996 |b 284M066094  |c M*BP-2464  |l MMSKP  |s P  |a 0  |w stu146081_0001